| 000 | 01336nam a2200325 c 4500 | ||
|---|---|---|---|
| 003 | BLK | ||
| 005 | 20230506024439.0 | ||
| 008 | 180412b bul|||||r ||||||| ||bul|| | ||
| 010 | _aKNG00004551000 | ||
| 020 |
_a954-8735-01-6 _bиздат.: Световна библ. |
||
| 040 | _aBLK | ||
| 041 |
_aBUL _cBUL |
||
| 080 |
_aАнглийска литература _b821.111 _x-93-31 _z821.111-93-31 |
||
| 100 | 1 |
_aРид, Томас Майн _d1818-1883 _9365222 |
|
| 700 | 1 |
_aНенова, Теодора _eпрев. от англ. _9247323 |
|
| 139 |
_aРид, Томас Майн _bР 59 |
||
| 245 | 1 | 0 |
_aТанцът на дивите воини _bРоман за юноши _cТомас Майн Рид; прев. от англ. Теодора Ненова. |
| 250 | _a3. изд. | ||
| 257 | _aGBR | ||
| 260 |
_аСофия _bСветовна библ. _c1994 |
||
| 300 |
_a208 с. _c20 см |
||
| 380 | _aX | ||
| 490 | 1 | _aПоредица Приключения | |
| 500 | _a1. изд. 1929 със загл. Приключенията на Ханса Стерка на изд. Ив. Коюмджиев. - 3 000 тир. | ||
| 852 | _aЦб 181812 | ||
| 856 | 4 |
_qpdf _u |
|
| 856 | 4 |
_qpdf _u |
|
| 942 |
_cKNG _n0 _01 |
||
| 944 |
_aCR _c15.01.2003 _lф / _kЛюдмила_Стоянова |
||
| 944 |
_aED _c25.02.2010 _lф / _kСимона_Петрова |
||
| 999 |
_c3462 _d3462 |
||